<?xml version="1.0" encoding="UTF-8"?>
<record
    xmlns:xsi="http://www.w3.org/2001/XMLSchema-instance"
    xsi:schemaLocation="http://www.loc.gov/MARC21/slim http://www.loc.gov/standards/marcxml/schema/MARC21slim.xsd"
    xmlns="http://www.loc.gov/MARC21/slim">

  <leader>00748nam a22002057a 4500</leader>
  <controlfield tag="008">100303r20042005ii||||||r|||  001 0 ng d </controlfield>
  <datafield tag="020" ind1=" " ind2=" ">
    <subfield code="a">8181470214</subfield>
  </datafield>
  <datafield tag="082" ind1=" " ind2=" ">
    <subfield code="2">22</subfield>
    <subfield code="a">616</subfield>
    <subfield code="b">PAT</subfield>
  </datafield>
  <datafield tag="100" ind1=" " ind2=" ">
    <subfield code="9">12159</subfield>
    <subfield code="a">Upadhyay, Yogesh P.</subfield>
  </datafield>
  <datafield tag="245" ind1=" " ind2=" ">
    <subfield code="a">Ward Procedures/</subfield>
    <subfield code="b">Mansukh B. Patel &amp; Yogesh P. Upadhyay</subfield>
  </datafield>
  <datafield tag="250" ind1=" " ind2=" ">
    <subfield code="a">4th ed.</subfield>
  </datafield>
  <datafield tag="260" ind1=" " ind2=" ">
    <subfield code="a">New Delhi:</subfield>
    <subfield code="b">Elsevier, 2004</subfield>
    <subfield code="c">2004</subfield>
  </datafield>
  <datafield tag="300" ind1=" " ind2=" ">
    <subfield code="a">434 p.:</subfield>
    <subfield code="b">ill.;</subfield>
    <subfield code="c">21 CM.</subfield>
  </datafield>
  <datafield tag="500" ind1=" " ind2=" ">
    <subfield code="a">Includes index</subfield>
  </datafield>
  <datafield tag="650" ind1=" " ind2=" ">
    <subfield code="9">12157</subfield>
    <subfield code="a">Hospital care</subfield>
  </datafield>
  <datafield tag="650" ind1=" " ind2=" ">
    <subfield code="9">12158</subfield>
    <subfield code="a">Medicine </subfield>
    <subfield code="x">Practice.</subfield>
  </datafield>
  <datafield tag="700" ind1=" " ind2=" ">
    <subfield code="9">12159</subfield>
    <subfield code="a">Upadhyay, Yogesh P.</subfield>
  </datafield>
  <datafield tag="942" ind1=" " ind2=" ">
    <subfield code="2">ddc</subfield>
    <subfield code="c">NRB</subfield>
  </datafield>
  <datafield tag="999" ind1=" " ind2=" ">
    <subfield code="c">13565</subfield>
    <subfield code="d">13565</subfield>
  </datafield>
  <datafield tag="952" ind1=" " ind2=" ">
    <subfield code="0">0</subfield>
    <subfield code="1">0</subfield>
    <subfield code="2">ddc</subfield>
    <subfield code="4">0</subfield>
    <subfield code="7">0</subfield>
    <subfield code="8">Academic</subfield>
    <subfield code="a">MAIN</subfield>
    <subfield code="b">MAIN</subfield>
    <subfield code="c">1ST</subfield>
    <subfield code="d">2010-03-03</subfield>
    <subfield code="e">purchase</subfield>
    <subfield code="g">67.50</subfield>
    <subfield code="h">3698</subfield>
    <subfield code="l">3</subfield>
    <subfield code="m">11</subfield>
    <subfield code="o">616 PAT</subfield>
    <subfield code="p">000020068</subfield>
    <subfield code="r">2025-07-15 00:00:00</subfield>
    <subfield code="s">2011-06-08</subfield>
    <subfield code="y">BB</subfield>
  </datafield>
</record>
